[Event "DVM U16 2018"]
[Site "Aurich GER"]
[Date "2018.12.28"]
[Round "3"]
[White "Nguyen, Alex Dac-Vuong"]
[Black "Post, Hugo"]
[Result "1-0"]
[Termination "normal"]
[Board "2.1"]
[WhiteElo "2201"]
[BlackElo "2104"]
[WhiteClock "00:15:12"]
[BlackClock "00:05:16"]
[WhiteTeam "SG Leipzig"]
[BlackTeam "Reideburger SV 90 Halle"]
[PlyCount "167"]
[WhiteFideId "12984388"]
[BlackFideId "12962490"]
[EventCountry "GER"]
[EventRounds "7"]
[EventType "team-swiss"]
[EventDate "2018.12.26"]

1. e4 {[%clk 01:30:57]} {[%emt 00:00:02]} c5 {[%clk 01:30:50]} {[%emt
00:00:10]} 2. Nf3 {[%clk 01:31:22]} {[%emt 00:00:05]} d6 {[%clk 01:31:11]}
{[%emt 00:00:09]} 3. d4 {[%clk 01:31:46]} {[%emt 00:00:06]} cxd4 {[%clk
01:31:33]} {[%emt 00:00:09]} 4. Nxd4 {[%clk 01:32:08]} {[%emt 00:00:07]} Nf6
{[%clk 01:31:54]} {[%emt 00:00:08]} 5. f3 {[%clk 01:32:34]} {[%emt 00:00:05]}
e5 {[%clk 01:31:29]} {[%emt 00:00:55]} 6. Nb3 {[%clk 01:32:58]} {[%emt
00:00:05]} a5 {[%clk 01:30:38]} {[%emt 00:01:22]} 7. Bb5+ {[%clk 01:29:54]}
{[%emt 00:03:34]} Nc6 {[%clk 01:30:58]} {[%emt 00:00:09]} 8. Nc3 {[%clk
01:29:19]} {[%emt 00:01:06]} Be7 {[%clk 01:30:21]} {[%emt 00:01:07]} 9. Be3
{[%clk 01:28:56]} {[%emt 00:00:53]} O-O {[%clk 01:29:59]} {[%emt 00:00:52]} 10.
O-O {[%clk 01:28:11]} {[%emt 00:01:15]} Na7 {[%clk 01:28:04]} {[%emt 00:02:25]}
11. Bd3 {[%clk 01:25:44]} {[%emt 00:02:56]} Bd7 {[%clk 01:25:26]} {[%emt
00:03:08]} 12. a4 {[%clk 01:22:14]} {[%emt 00:04:00]} Be6 {[%clk 01:16:38]}
{[%emt 00:09:18]} 13. Qe2 {[%clk 01:20:11]} {[%emt 00:02:34]} Nc6 {[%clk
01:01:03]} {[%emt 00:16:04]} 14. Rad1 {[%clk 01:11:10]} {[%emt 00:09:32]} Nh5
{[%clk 00:47:11]} {[%emt 00:14:22]} 15. g3 {[%clk 01:05:12]} {[%emt 00:06:28]}
Bg5 {[%clk 00:46:33]} {[%emt 00:01:08]} 16. Bf2 {[%clk 01:00:26]} {[%emt
00:05:16]} g6 {[%clk 00:43:16]} {[%emt 00:03:47]} 17. Bc4 {[%clk 00:56:58]}
{[%emt 00:03:58]} Rc8 {[%clk 00:37:14]} {[%emt 00:06:32]} 18. Nd5 {[%clk
00:52:37]} {[%emt 00:04:50]} Nb4 {[%clk 00:35:38]} {[%emt 00:02:07]} 19. c3
{[%clk 00:52:25]} {[%emt 00:00:41]} Nxd5 {[%clk 00:34:57]} {[%emt 00:01:13]}
20. Bxd5 {[%clk 00:52:48]} {[%emt 00:00:06]} Qc7 {[%clk 00:30:22]} {[%emt
00:05:05]} 21. Qb5 {[%clk 00:50:10]} {[%emt 00:03:07]} Bd8 {[%clk 00:30:18]}
{[%emt 00:00:35]} 22. Bxe6 {[%clk 00:38:30]} {[%emt 00:12:10]} fxe6 {[%clk
00:30:45]} {[%emt 00:00:03]} 23. Be3 {[%clk 00:38:54]} {[%emt 00:00:06]} Nf6
{[%clk 00:26:33]} {[%emt 00:04:43]} 24. Bg5 {[%clk 00:37:41]} {[%emt 00:01:42]}
Kg7 {[%clk 00:22:33]} {[%emt 00:04:31]} 25. Bxf6+ {[%clk 00:37:34]} {[%emt
00:00:36]} Rxf6 {[%clk 00:22:40]} {[%emt 00:00:23]} 26. Kg2 {[%clk 00:37:46]}
{[%emt 00:00:18]} b6 {[%clk 00:21:04]} {[%emt 00:02:07]} 27. Rd3 {[%clk
00:37:55]} {[%emt 00:00:20]} Be7 {[%clk 00:17:28]} {[%emt 00:04:07]} 28. Rfd1
{[%clk 00:37:53]} {[%emt 00:00:30]} Qc6 {[%clk 00:14:53]} {[%emt 00:03:06]} 29.
Qxc6 {[%clk 00:34:54]} {[%emt 00:03:29]} Rxc6 {[%clk 00:15:17]} {[%emt
00:00:07]} 30. Nd2 {[%clk 00:34:40]} {[%emt 00:00:43]} Rf8 {[%clk 00:14:32]}
{[%emt 00:01:15]} 31. b3 {[%clk 00:34:54]} {[%emt 00:00:16]} Kf6 {[%clk
00:12:46]} {[%emt 00:02:15]} 32. Nc4 {[%clk 00:35:11]} {[%emt 00:00:13]} Rd8
{[%clk 00:12:42]} {[%emt 00:00:33]} 33. h4 {[%clk 00:31:29]} {[%emt 00:04:14]}
Kg7 {[%clk 00:10:55]} {[%emt 00:02:18]} 34. Kf2 {[%clk 00:29:17]} {[%emt
00:02:41]} h5 {[%clk 00:09:55]} {[%emt 00:01:30]} 35. Ke2 {[%clk 00:29:18]}
{[%emt 00:00:29]} Kf7 {[%clk 00:02:17]} {[%emt 00:08:09]} 36. Kd2 {[%clk
00:26:58]} {[%emt 00:02:49]} Bf6 {[%clk 00:02:37]} {[%emt 00:00:10]} 37. Kc2
{[%clk 00:26:53]} {[%emt 00:00:35]} Ke7 {[%clk 00:03:04]} {[%emt 00:00:03]} 38.
R1d2 {[%clk 00:23:24]} {[%emt 00:04:00]} Bg7 {[%clk 00:03:17]} {[%emt
00:00:17]} 39. Kb2 {[%clk 00:21:55]} {[%emt 00:01:58]} Bh8 {[%clk 00:03:33]}
{[%emt 00:00:14]} 40. Kb1 {[%clk 00:18:53]} {[%emt 00:03:32]} Bg7 {[%clk
00:03:39]} {[%emt 00:00:24]} 41. Kc2 {[%clk 00:19:02]} {[%emt 00:00:20]} Bh8
{[%clk 00:03:35]} {[%emt 00:00:35]} 42. Kd1 {[%clk 00:18:29]} {[%emt 00:01:03]}
Bg7 {[%clk 00:02:55]} {[%emt 00:01:11]} 43. Ke2 {[%clk 00:18:53]} {[%emt
00:00:05]} Rd7 {[%clk 00:02:03]} {[%emt 00:01:21]} 44. Rd1 {[%clk 00:18:47]}
{[%emt 00:00:37]} Rd8 {[%clk 00:01:59]} {[%emt 00:00:34]} 45. Ke3 {[%clk
00:17:37]} {[%emt 00:01:40]} Bh6+ {[%clk 00:29:11]} {[%emt 00:03:49]} 46. Kf2
{[%clk 00:46:27]} {[%emt 00:02:39]} Bg7 {[%clk 00:29:28]} {[%emt 00:00:13]} 47.
Kg2 {[%clk 00:44:50]} {[%emt 00:02:07]} Bh8 {[%clk 00:28:36]} {[%emt 00:01:23]}
48. Kh3 {[%clk 00:37:47]} {[%emt 00:07:33]} Bg7 {[%clk 00:28:31]} {[%emt
00:00:35]} 49. Kh2 {[%clk 00:37:21]} {[%emt 00:00:56]} Bh8 {[%clk 00:27:52]}
{[%emt 00:01:09]} 50. Kg2 {[%clk 00:37:39]} {[%emt 00:00:12]} Bg7 {[%clk
00:22:48]} {[%emt 00:05:34]} 51. Kh3 {[%clk 00:37:58]} {[%emt 00:00:11]} Bh8
{[%clk 00:23:05]} {[%emt 00:00:13]} 52. f4 {[%clk 00:35:21]} {[%emt 00:03:07]}
exf4 {[%clk 00:22:23]} {[%emt 00:01:12]} 53. gxf4 {[%clk 00:35:43]} {[%emt
00:00:07]} d5 {[%clk 00:14:11]} {[%emt 00:08:43]} 54. exd5 {[%clk 00:35:41]}
{[%emt 00:00:31]} Rxd5 {[%clk 00:14:33]} {[%emt 00:00:09]} 55. Rxd5 {[%clk
00:36:06]} {[%emt 00:00:05]} exd5 {[%clk 00:15:00]} {[%emt 00:00:03]} 56. Rxd5
{[%clk 00:36:19]} {[%emt 00:00:16]} Bxc3 {[%clk 00:15:11]} {[%emt 00:00:20]}
57. f5 {[%clk 00:35:41]} {[%emt 00:01:08]} Kf7 {[%clk 00:12:24]} {[%emt
00:03:17]} 58. fxg6+ {[%clk 00:36:01]} {[%emt 00:00:09]} Kxg6 {[%clk 00:12:34]}
{[%emt 00:00:21]} 59. Rg5+ {[%clk 00:35:19]} {[%emt 00:01:11]} Kh6 {[%clk
00:10:42]} {[%emt 00:02:23]} 60. Ne3 {[%clk 00:31:08]} {[%emt 00:04:40]} Bd2
{[%clk 00:05:04]} {[%emt 00:06:08]} 61. Nf5+ {[%clk 00:30:56]} {[%emt
00:00:42]} Kh7 {[%clk 00:05:30]} {[%emt 00:00:05]} 62. Rxh5+ {[%clk 00:31:05]}
{[%emt 00:00:21]} Kg6 {[%clk 00:05:45]} {[%emt 00:00:15]} 63. Ne7+ {[%clk
00:29:41]} {[%emt 00:01:53]} Kxh5 {[%clk 00:06:12]} {[%emt 00:00:03]} 64. Nxc6
{[%clk 00:30:06]} {[%emt 00:00:05]} Be1 {[%clk 00:06:24]} {[%emt 00:00:18]} 65.
Kg2 {[%clk 00:30:18]} {[%emt 00:00:18]} Kxh4 {[%clk 00:05:29]} {[%emt
00:01:26]} 66. Kf3 {[%clk 00:19:03]} {[%emt 00:11:45]} Kg5 {[%clk 00:05:53]}
{[%emt 00:00:06]} 67. Ke4 {[%clk 00:19:27]} {[%emt 00:00:05]} Bf2 {[%clk
00:05:06]} {[%emt 00:01:18]} 68. Ne5 {[%clk 00:18:07]} {[%emt 00:01:49]} Bc5
{[%clk 00:05:04]} {[%emt 00:00:32]} 69. Nd7 {[%clk 00:18:33]} {[%emt 00:00:05]}
Bg1 {[%clk 00:05:28]} {[%emt 00:00:06]} 70. Kd5 {[%clk 00:17:05]} {[%emt
00:01:58]} Kf4 {[%clk 00:05:50]} {[%emt 00:00:08]} 71. Kc6 {[%clk 00:12:44]}
{[%emt 00:04:50]} Ke4 {[%clk 00:06:15]} {[%emt 00:00:05]} 72. Nxb6 {[%clk
00:13:04]} {[%emt 00:00:10]} Kd3 {[%clk 00:06:41]} {[%emt 00:00:04]} 73. Nc4
{[%clk 00:12:51]} {[%emt 00:00:43]} Kc3 {[%clk 00:07:07]} {[%emt 00:00:04]} 74.
Nxa5 {[%clk 00:13:18]} {[%emt 00:00:03]} Kb4 {[%clk 00:07:33]} {[%emt
00:00:05]} 75. Nb7 {[%clk 00:13:41]} {[%emt 00:00:06]} Kxb3 {[%clk 00:07:48]}
{[%emt 00:00:15]} 76. Kb5 {[%clk 00:13:01]} {[%emt 00:01:11]} Bb6 {[%clk
00:06:30]} {[%emt 00:01:48]} 77. Na5+ {[%clk 00:13:25]} {[%emt 00:00:06]} Kc3
{[%clk 00:06:27]} {[%emt 00:00:32]} 78. Nc4 {[%clk 00:13:50]} {[%emt 00:00:05]}
Bc7 {[%clk 00:06:40]} {[%emt 00:00:16]} 79. Nb6 {[%clk 00:14:01]} {[%emt
00:00:20]} Kd4 {[%clk 00:06:27]} {[%emt 00:00:42]} 80. a5 {[%clk 00:13:57]}
{[%emt 00:00:35]} Bb8 {[%clk 00:04:56]} {[%emt 00:02:01]} 81. Kc6 {[%clk
00:14:09]} {[%emt 00:00:18]} Kc3 {[%clk 00:04:24]} {[%emt 00:01:02]} 82. Kb7
{[%clk 00:14:20]} {[%emt 00:00:19]} Kb4 {[%clk 00:04:49]} {[%emt 00:00:05]} 83.
a6 {[%clk 00:14:46]} {[%emt 00:00:04]} Kb5 {[%clk 00:05:16]} {[%emt 00:00:03]}
84. Nd7 {[%clk 00:15:12]} {[%emt 00:00:05]} 1-0

[Event "DVM U16 2018"]
[Site "Aurich GER"]
[Date "2018.12.28"]
[Round "3"]
[White "Dietz, Florian"]
[Black "Faßhauer, Jacob"]
[Result "1-0"]
[Termination "normal"]
[Board "2.2"]
[WhiteElo "2049"]
[BlackElo "2062"]
[WhiteClock "00:14:34"]
[BlackClock "00:27:45"]
[WhiteTeam "Reideburger SV 90 Halle"]
[BlackTeam "SG Leipzig"]
[PlyCount "109"]
[WhiteFideId "12939897"]
[BlackFideId "12990167"]
[EventCountry "GER"]
[EventRounds "7"]
[EventType "team-swiss"]
[EventDate "2018.12.26"]

1. e4 {[%clk 01:30:56]} {[%emt 00:00:03]} c5 {[%clk 01:30:54]} {[%emt
00:00:07]} 2. Nf3 {[%clk 01:31:21]} {[%emt 00:00:04]} e6 {[%clk 01:31:19]}
{[%emt 00:00:05]} 3. d4 {[%clk 01:31:21]} {[%emt 00:00:29]} cxd4 {[%clk
01:31:40]} {[%emt 00:00:10]} 4. Nxd4 {[%clk 01:31:46]} {[%emt 00:00:05]} Nc6
{[%clk 01:32:01]} {[%emt 00:00:08]} 5. Nc3 {[%clk 01:31:20]} {[%emt 00:00:56]}
Qc7 {[%clk 01:32:01]} {[%emt 00:00:30]} 6. Be3 {[%clk 01:30:51]} {[%emt
00:00:59]} a6 {[%clk 01:32:21]} {[%emt 00:00:11]} 7. Bd3 {[%clk 01:30:36]}
{[%emt 00:00:44]} b5 {[%clk 01:31:21]} {[%emt 00:01:30]} 8. Nxc6 {[%clk
01:28:17]} {[%emt 00:02:49]} Qxc6 {[%clk 01:31:43]} {[%emt 00:00:08]} 9. a3
{[%clk 01:27:33]} {[%emt 00:01:15]} Bb7 {[%clk 01:31:38]} {[%emt 00:00:35]} 10.
O-O {[%clk 01:26:54]} {[%emt 00:01:09]} Nf6 {[%clk 01:31:24]} {[%emt 00:00:44]}
11. Qe2 {[%clk 01:25:39]} {[%emt 00:01:44]} h5 {[%clk 01:14:40]} {[%emt
00:17:14]} 12. h3 {[%clk 01:19:18]} {[%emt 00:06:52]} h4 {[%clk 01:13:32]}
{[%emt 00:01:38]} 13. Rfe1 {[%clk 01:12:38]} {[%emt 00:07:10]} Be7 {[%clk
01:08:31]} {[%emt 00:05:29]} 14. Qf1 {[%clk 01:11:21]} {[%emt 00:01:49]} Qc7
{[%clk 01:05:14]} {[%emt 00:03:44]} 15. Rad1 {[%clk 01:04:57]} {[%emt
00:06:57]} d5 {[%clk 00:47:56]} {[%emt 00:17:48]} 16. exd5 {[%clk 00:58:47]}
{[%emt 00:06:40]} Nxd5 {[%clk 00:48:14]} {[%emt 00:00:12]} 17. Nxd5 {[%clk
00:56:36]} {[%emt 00:02:41]} Bxd5 {[%clk 00:46:16]} {[%emt 00:02:27]} 18. Bd4
{[%clk 00:54:39]} {[%emt 00:02:28]} O-O {[%clk 00:44:02]} {[%emt 00:02:44]} 19.
Qe2 {[%clk 00:53:19]} {[%emt 00:01:49]} Qf4 {[%clk 00:40:43]} {[%emt 00:03:47]}
20. Be3 {[%clk 00:43:58]} {[%emt 00:09:53]} Qe5 {[%clk 00:37:09]} {[%emt
00:04:03]} 21. c3 {[%clk 00:27:47]} {[%emt 00:16:42]} f5 {[%clk 00:22:07]}
{[%emt 00:15:32]} 22. Qh5 {[%clk 00:21:42]} {[%emt 00:06:36]} Qf6 {[%clk
00:16:26]} {[%emt 00:06:06]} 23. f4 {[%clk 00:17:42]} {[%emt 00:04:34]} Rad8
{[%clk 00:13:06]} {[%emt 00:03:49]} 24. Bd4 {[%clk 00:11:00]} {[%emt 00:07:13]}
Qf7 {[%clk 00:13:35]} {[%emt 00:00:02]} 25. Qe2 {[%clk 00:11:11]} {[%emt
00:00:17]} Bd6 {[%clk 00:10:58]} {[%emt 00:03:08]} 26. Qf2 {[%clk 00:10:42]}
{[%emt 00:00:58]} Qg6 {[%clk 00:10:26]} {[%emt 00:00:59]} 27. Bf1 {[%clk
00:09:15]} {[%emt 00:02:00]} Qh5 {[%clk 00:09:19]} {[%emt 00:01:31]} 28. Rd2
{[%clk 00:06:28]} {[%emt 00:03:25]} Rfe8 {[%clk 00:06:15]} {[%emt 00:03:34]}
29. Be5 {[%clk 00:04:38]} {[%emt 00:02:19]} Be7 {[%clk 00:06:11]} {[%emt
00:00:34]} 30. Qb6 {[%clk 00:03:29]} {[%emt 00:01:38]} g5 {[%clk 00:05:01]}
{[%emt 00:01:41]} 31. Be2 {[%clk 00:02:51]} {[%emt 00:01:08]} Qg6 {[%clk
00:04:07]} {[%emt 00:01:24]} 32. Red1 {[%clk 00:02:54]} {[%emt 00:00:27]} Kf7
{[%clk 00:03:07]} {[%emt 00:01:31]} 33. Bf1 {[%clk 00:01:27]} {[%emt 00:01:57]}
gxf4 {[%clk 00:02:23]} {[%emt 00:01:14]} 34. Bxf4 {[%clk 00:01:45]} {[%emt
00:00:11]} Rc8 {[%clk 00:02:08]} {[%emt 00:00:45]} 35. Qxa6 {[%clk 00:01:49]}
{[%emt 00:00:27]} Bc5+ {[%clk 00:02:37]} 36. Kh1 {[%clk 00:01:40]} {[%emt
00:00:38]} Rg8 {[%clk 00:02:14]} {[%emt 00:00:54]} 37. Qxb5 {[%clk 00:01:25]}
{[%emt 00:00:45]} Qh5 {[%clk 00:01:18]} {[%emt 00:01:26]} 38. Qd7+ {[%clk
00:00:58]} {[%emt 00:00:56]} Kf6 {[%clk 00:01:44]} {[%emt 00:00:04]} 39. Re1
{[%clk 00:00:42]} {[%emt 00:00:47]} Rcd8 {[%clk 00:01:09]} {[%emt 00:01:05]}
40. Be5+ {[%clk 00:00:37]} {[%emt 00:00:35]} Kg6 {[%emt 00:00:02]} 41. Qb5
{[%clk 00:29:45]} {[%emt 00:01:49]} Qg5 {[%clk 00:31:29]} {[%emt 00:01:09]} 42.
Rde2 {[%clk 00:25:03]} {[%emt 00:05:13]} Ba7 {[%clk 00:31:21]} {[%emt
00:00:37]} 43. Bc7 {[%clk 00:23:13]} {[%emt 00:02:22]} Rdf8 {[%clk 00:28:59]}
{[%emt 00:02:49]} 44. c4 {[%clk 00:20:54]} {[%emt 00:02:52]} Be4 {[%clk
00:29:21]} {[%emt 00:00:08]} 45. Qa6 {[%clk 00:21:12]} {[%emt 00:00:11]} Bd4
{[%clk 00:29:00]} {[%emt 00:00:51]} 46. Qxe6+ {[%clk 00:20:54]} {[%emt
00:00:48]} Kh5 {[%clk 00:29:04]} {[%emt 00:00:26]} 47. Rxe4 {[%clk 00:18:18]}
{[%emt 00:03:07]} fxe4 {[%clk 00:29:24]} {[%emt 00:00:10]} 48. Be2+ {[%clk
00:18:43]} {[%emt 00:00:05]} Rf3 {[%clk 00:29:52]} {[%emt 00:00:02]} 49. Qg4+
{[%clk 00:19:04]} {[%emt 00:00:08]} Qxg4 {[%clk 00:30:15]} {[%emt 00:00:07]}
50. hxg4+ {[%emt 00:00:10]} Kxg4 {[%clk 00:30:37]} {[%emt 00:00:01]} 51. Rf1
{[%clk 00:18:58]} {[%emt 00:01:03]} Rgf8 {[%clk 00:30:30]} {[%emt 00:00:37]}
52. b4 {[%clk 00:16:50]} {[%emt 00:02:39]} R8f7 {[%clk 00:28:50]} {[%emt
00:02:10]} 53. gxf3+ {[%clk 00:15:39]} {[%emt 00:01:41]} Kh3 {[%clk 00:27:45]}
{[%emt 00:01:33]} 54. Rg1 {[%clk 00:14:34]} {[%emt 00:01:36]} Bxg1 {[%clk
00:27:45]} {[%emt 00:00:30]} 55. Bf1# {[%emt 00:00:03]} 1-0

[Event "DVM U16 2018"]
[Site "Aurich GER"]
[Date "2018.12.28"]
[Round "3"]
[White "Haufe, Laurin"]
[Black "Henning, Marvin"]
[Result "1/2-1/2"]
[Termination "normal"]
[Board "2.3"]
[WhiteElo "1966"]
[BlackElo "1988"]
[WhiteClock "00:22:51"]
[BlackClock "00:17:52"]
[WhiteTeam "SG Leipzig"]
[BlackTeam "Reideburger SV 90 Halle"]
[PlyCount "121"]
[WhiteFideId "12976504"]
[BlackFideId "12957399"]
[EventCountry "GER"]
[EventRounds "7"]
[EventType "team-swiss"]
[EventDate "2018.12.26"]

1. e4 {[%clk 01:30:55]} {[%emt 00:00:04]} d5 {[%clk 01:30:50]} {[%emt
00:00:10]} 2. exd5 {[%clk 01:31:19]} {[%emt 00:00:06]} Qxd5 {[%clk 01:31:18]}
{[%emt 00:00:01]} 3. Nc3 {[%clk 01:31:41]} {[%emt 00:00:09]} Qd6 {[%clk
01:31:45]} {[%emt 00:00:03]} 4. Bc4 {[%clk 01:31:52]} {[%emt 00:00:19]} Nf6
{[%clk 01:32:10]} {[%emt 00:00:06]} 5. d3 {[%clk 01:32:01]} {[%emt 00:00:20]}
c6 {[%clk 01:31:59]} {[%emt 00:00:42]} 6. Nge2 {[%clk 01:31:01]} {[%emt
00:01:29]} Nbd7 {[%clk 01:25:11]} {[%emt 00:07:18]} 7. O-O {[%clk 01:29:23]}
{[%emt 00:02:08]} Nb6 {[%clk 01:23:52]} {[%emt 00:01:48]} 8. Bb3 {[%clk
01:28:35]} {[%emt 00:01:19]} g6 {[%clk 01:19:16]} {[%emt 00:05:06]} 9. Re1
{[%clk 01:27:31]} {[%emt 00:01:34]} Bg7 {[%clk 01:16:48]} {[%emt 00:02:58]} 10.
Bf4 {[%clk 01:26:53]} {[%emt 00:01:08]} Qd8 {[%clk 01:16:44]} {[%emt 00:00:34]}
11. Ng3 {[%clk 01:23:54]} {[%emt 00:03:29]} O-O {[%clk 01:14:38]} {[%emt
00:02:35]} 12. Qd2 {[%clk 01:22:13]} {[%emt 00:02:12]} Nbd5 {[%clk 01:12:32]}
{[%emt 00:02:36]} 13. Nxd5 {[%clk 01:20:19]} {[%emt 00:02:24]} Nxd5 {[%clk
01:11:44]} {[%emt 00:01:18]} 14. Bh6 {[%clk 01:13:38]} {[%emt 00:07:11]} Re8
{[%clk 00:59:04]} {[%emt 00:13:10]} 15. Bxg7 {[%clk 01:11:33]} {[%emt
00:02:35]} Kxg7 {[%clk 00:59:31]} {[%emt 00:00:03]} 16. Re2 {[%clk 01:10:19]}
{[%emt 00:01:44]} Be6 {[%clk 00:50:55]} {[%emt 00:09:06]} 17. h4 {[%clk
01:04:53]} {[%emt 00:05:56]} h6 {[%clk 00:43:17]} {[%emt 00:08:08]} 18. Ne4
{[%clk 01:03:17]} {[%emt 00:02:06]} b6 {[%clk 00:41:51]} {[%emt 00:01:56]} 19.
Rae1 {[%clk 00:53:44]} {[%emt 00:10:03]} Qd7 {[%clk 00:38:01]} {[%emt
00:04:20]} 20. f3 {[%clk 00:48:02]} {[%emt 00:06:11]} Rad8 {[%clk 00:35:55]}
{[%emt 00:02:37]} 21. h5 {[%clk 00:47:24]} {[%emt 00:01:09]} gxh5 {[%clk
00:25:49]} {[%emt 00:10:36]} 22. Ng3 {[%clk 00:42:30]} {[%emt 00:05:23]} h4
{[%clk 00:22:27]} {[%emt 00:03:52]} 23. Nh5+ {[%clk 00:42:41]} {[%emt
00:00:18]} Kh7 {[%clk 00:21:08]} {[%emt 00:01:49]} 24. Nf4 {[%clk 00:41:41]}
{[%emt 00:01:31]} Nxf4 {[%clk 00:19:50]} {[%emt 00:01:49]} 25. Qxf4 {[%clk
00:42:00]} {[%emt 00:00:10]} Bxb3 {[%clk 00:20:10]} {[%emt 00:00:10]} 26. axb3
{[%clk 00:42:21]} {[%emt 00:00:09]} e6 {[%clk 00:20:25]} {[%emt 00:00:15]} 27.
Qe4+ {[%clk 00:35:58]} {[%emt 00:06:53]} Kg7 {[%clk 00:19:46]} {[%emt
00:01:09]} 28. Qg4+ {[%clk 00:36:04]} {[%emt 00:00:23]} Kh7 {[%clk 00:20:09]}
{[%emt 00:00:08]} 29. Kf1 {[%clk 00:30:55]} {[%emt 00:05:39]} Qd4 {[%clk
00:17:12]} {[%emt 00:03:27]} 30. Qh5 {[%clk 00:26:01]} {[%emt 00:05:24]} Qf6
{[%clk 00:15:11]} {[%emt 00:02:31]} 31. Re4 {[%clk 00:25:46]} {[%emt 00:00:45]}
Rd5 {[%clk 00:14:51]} {[%emt 00:00:51]} 32. Qxh4 {[%clk 00:23:57]} {[%emt
00:02:18]} Qxb2 {[%clk 00:10:36]} {[%emt 00:04:45]} 33. Rc4 {[%clk 00:22:51]}
{[%emt 00:01:35]} c5 {[%clk 00:06:46]} {[%emt 00:04:22]} 34. Qe4+ {[%clk
00:18:57]} {[%emt 00:04:22]} Kg7 {[%clk 00:06:40]} {[%emt 00:00:36]} 35. Qe3
{[%clk 00:17:21]} {[%emt 00:02:05]} Qf6 {[%clk 00:06:17]} {[%emt 00:00:25]} 36.
Ra4 {[%clk 00:16:21]} {[%emt 00:01:29]} a5 {[%clk 00:07:03]} {[%emt 00:00:15]}
37. Rf4 {[%clk 00:15:24]} {[%emt 00:01:26]} Rf5 {[%clk 00:07:20]} {[%emt
00:00:14]} 38. Rg4+ {[%clk 00:15:32]} {[%emt 00:00:22]} Kh7 {[%clk 00:07:10]}
{[%emt 00:00:39]} 39. Qe4 {[%clk 00:15:15]} {[%emt 00:00:47]} e5 {[%clk
00:02:15]} {[%emt 00:05:27]} 40. Kf2 {[%clk 00:11:33]} {[%emt 00:04:11]} Rg8
{[%clk 00:00:58]} {[%emt 00:01:48]} 41. Ke2 {[%clk 00:06:04]} {[%emt 00:05:58]}
Rg6 {[%clk 00:00:31]} {[%emt 00:00:57]} 42. Kd1 {[%clk 00:03:19]} {[%emt
00:03:15]} Kg7 {[%clk 00:25:21]} {[%emt 00:06:10]} 43. Rxg6+ {[%clk 00:33:23]}
{[%emt 00:01:26]} Qxg6 {[%clk 00:25:05]} {[%emt 00:00:47]} 44. g4 {[%clk
00:31:37]} {[%emt 00:02:15]} Rg5 {[%clk 00:25:23]} {[%emt 00:00:13]} 45. Qd5
{[%clk 00:31:29]} {[%emt 00:00:36]} Qf6 {[%clk 00:25:01]} {[%emt 00:00:53]} 46.
Re3 {[%clk 00:29:34]} {[%emt 00:02:25]} h5 {[%clk 00:23:52]} {[%emt 00:01:40]}
47. gxh5 {[%clk 00:29:36]} {[%emt 00:00:28]} Rxh5 {[%clk 00:23:12]} {[%emt
00:01:10]} 48. Re2 {[%clk 00:28:38]} {[%emt 00:01:27]} Rh1+ {[%clk 00:18:42]}
{[%emt 00:05:01]} 49. Re1 {[%clk 00:29:00]} {[%emt 00:00:07]} Rxe1+ {[%clk
00:19:04]} {[%emt 00:00:09]} 50. Kxe1 {[%clk 00:29:25]} {[%emt 00:00:04]} Qf4
{[%clk 00:19:20]} {[%emt 00:00:15]} 51. Kd1 {[%clk 00:25:27]} {[%emt 00:04:27]}
Qe3 {[%clk 00:19:06]} {[%emt 00:00:43]} 52. Qc6 {[%clk 00:24:35]} {[%emt
00:01:23]} f5 {[%clk 00:17:44]} {[%emt 00:01:52]} 53. Qd7+ {[%clk 00:22:32]}
{[%emt 00:02:34]} Kg6 {[%clk 00:17:25]} {[%emt 00:00:48]} 54. Qe6+ {[%clk
00:21:59]} {[%emt 00:01:03]} Kg5 {[%clk 00:17:45]} {[%emt 00:00:10]} 55. Qe7+
{[%clk 00:22:18]} {[%emt 00:00:11]} Kf4 {[%clk 00:18:04]} {[%emt 00:00:09]} 56.
Qh4+ {[%clk 00:22:41]} {[%emt 00:00:10]} Kxf3 {[%clk 00:18:28]} {[%emt
00:00:05]} 57. Qh3+ {[%clk 00:23:04]} {[%emt 00:00:07]} Kf2 {[%clk 00:18:44]}
{[%emt 00:00:14]} 58. Qh2+ {[%clk 00:23:23]} {[%emt 00:00:11]} Kf1 {[%clk
00:18:08]} {[%emt 00:01:06]} 59. Qh1 {[%clk 00:23:34]} {[%emt 00:00:20]} Qg1
{[%clk 00:17:37]} {[%emt 00:01:01]} 60. Qf3 {[%clk 00:23:42]} {[%emt 00:00:21]}
Qf2 {[%clk 00:17:52]} {[%emt 00:00:16]} 61. Qh1 {[%clk 00:22:51]} {[%emt
00:01:21]} 1/2-1/2